000 00592nam a22002177a 4500
003 KOHA_MİRAKIL
005 20260511070922.0
008 260507b tu ||||| |||| 00| 0 tur d
020 _a9786051256191
040 _aTR-AnABB
_btur
_cTR-AnABB
041 _atur
082 _a814.42
_bBAS 2012
100 1 _aBaşaranbilek, Emin
245 1 0 _aBirgi'ye bakmak /
_cEmin Başaran
250 _a1. baskı
260 _aİzmir :
_befe ofset;
_c2012
300 _a74 sayfa ;
_c20 cm.
650 0 4 _aTürk edebiyatı, deneme
900 _bCan ÇELIK
942 _2ddc
_cBK
999 _c10381
_d10381